Statistics for Place to country #1

Click here to take the quiz!

General Stats

  • This quiz has been taken 31 times
  • The average score is 7 of 10

Answer Stats

QuestionAnswer% Correct
HokkaidoJapan
100%
MichiganUSA
97%
The Nile DeltaEgypt
90%
Lake BaikalRussia
87%
Victoria Falls national parkZimbabwe & Zambia
77%
Hagia SophiaTurkey
71%
Camp Nou stadiumSpain
52%
Statue of UnityIndia
35%
IquiqueChile
29%
Tibesti mountainsChad & Libya
19%

Score Distribution

Percentile by Number Answered

Percent of People with Each Score

Your Score History

You have not taken this quiz